[Event "Kefar Sava schev"]
[Site "Kefar Sava"]
[Date "2010.06.23"]
[Round "4"]
[White "Botvinnik, Mikhail I"]
[Black "Wee, Chun Jie Eugene"]
[Result "1-0"]
[WhiteElo "2348"]
[BlackElo "2024"]
[PlyCount "115"]
[EventDate "2010.06.20"]
[EventType "schev"]
[EventRounds "10"]
[EventCountry "ISR"]
[SourceTitle "CBM 137 Extra"]
[Source "ChessBase"]
[SourceDate "2010.09.01"]
[SourceVersion "1"]
[SourceVersionDate "2010.09.01"]
[SourceQuality "1"]

1. d4 d5 2. Nf3 Nf6 3. c4 dxc4 4. e3 e6 5. Bxc4 a6 6. 0-0 Be7 7. Qe2 Nbd7 8. e4 b5 9. Bb3 Bb7 10. e5 Nd5 11. Qe4 0-0 12. Qg4 Re8 13. Bh6 Bf8 14. Bg5 Be7 15. Nbd2 c5 16. Ne4 cxd4 17. Rfd1 Bxg5 18. Nexg5 h6 19. Ne4 Qe7 20. Rxd4 Nc5 21. Bxd5 Bxd5 22. Nf6+ Kh8 23. Nxe8 Rxe8 24. b3 Qb7 25. Qf4 Kg8 26. Qe3 Rc8 27. Rc1 Nd7 28. Rdd1 a5 29. Rxc8+ Qxc8 30. Rc1 Qb7 31. Qc3 b4 32. Qc8+ Qxc8 33. Rxc8+ Kh7 34. Rc7 Nb6 35. Nd4 Kg6 36. f4 a4 37. Rc5 axb3 38. axb3 Be4 39. g3 Nd5 40. Kf2 Kh5 41. h3 g5 42. f5 exf5 43. Nxf5 Bxf5 44. g4+ Kh4 45. gxf5 Nf4 46. e6 fxe6 47. fxe6 Nxe6 48. Rc6 Kxh3 49. Rxe6 h5 50. Re3+ Kg4 51. Re4+ Kh3 52. Re5 Kg4 53. Kg2 Kf4 54. Rb5 Ke4 55. Rxb4+ Ke3 56. Kg3 h4+ 57. Kh3 Kf3 58. Rg4 1-0

[Event "ISR-chT 0809"]
[Site "Israel"]
[Date "2009.05.08"]
[Round "7"]
[White "Botvinnik, Mikhail I"]
[Black "Kundin, Alexander"]
[Result "1-0"]
[WhiteElo "2331"]
[BlackElo "2368"]
[PlyCount "66"]
[EventDate "2008.12.12"]
[EventType "team-tourn"]
[EventRounds "11"]
[EventCountry "ISR"]
[SourceTitle "EXT 2010"]
[Source "ChessBase"]
[SourceDate "2010.11.25"]
[SourceVersion "1"]
[SourceVersionDate "2010.11.25"]
[SourceQuality "1"]

1. d4 d5 2. Nf3 c6 3. c4 Nf6 4. Qc2 g6 5. Bf4 Na6 6. e3 Bf5 7. Qb3 Qb6 8. Nc3 Nb4 9. c5 Nd3+ 10. Bxd3 Qxb3 11. axb3 Bxd3 12. Ne5 Bf5 13. b4 Nd7 14. b5 Nxe5 15. Bxe5 f6 16. Bg3 e5 17. b4 exd4 18. exd4 Bh6 19. b6 a6 20. b5 cxb5 21. Nxb5 0-0 22. Nd6 Bd3 23. Kd1 f5 24. Be5 Rfb8 25. Ra3 Bb1 26. Rb3 Ba2 27. Rb2 Bc4 28. Nxc4 dxc4 29. Bxb8 Rxb8 30. Kc2 Rd8 31. Kc3 Bg7 32. Rd1 Kf7 33. Re2 Rd7 1-0

[Event "ISR-chT 08"]
[Site "Israel"]
[Date "2008.05.16"]
[Round "8.4"]
[White "Gurevich, Gregory"]
[Black "Botvinnik, Mikhail I"]
[Result "0-1"]
[WhiteElo "2361"]
[BlackElo "2300"]
[PlyCount "134"]
[EventDate "2007.12.26"]
[EventType "team-tourn"]
[EventRounds "11"]
[EventCountry "ISR"]
[SourceTitle "EXT 2009"]
[Source "ChessBase"]
[SourceDate "2008.11.26"]
[SourceVersion "1"]
[SourceVersionDate "2008.11.26"]
[SourceQuality "1"]
[WhiteTeam "Jerusalem Tikvatenu"]
[BlackTeam "Petah Tikva Hapoel"]
[WhiteTeamCountry "ISR"]
[BlackTeamCountry "ISR"]

1. e4 c5 2. c4 Nc6 3. Nc3 g6 4. g3 Bg7 5. Bg2 e6 6. Nge2 Nge7 7. 0-0 0-0 8. a3 d6 9. Rb1 b6 10. b4 Bb7 11. d3 Qd7 12. b5 Nd4 13. Nxd4 cxd4 14. Ne2 d5 15. cxd5 exd5 16. e5 Bxe5 17. Bb2 Qd6 18. Qb3 Nf5 19. Bh3 Qf6 20. f4 Bd6 21. Bxf5 Qxf5 22. Nxd4 Bc5 23. Qc3 Qh3 24. a4 Rae8 25. Rbe1 h5 26. Qd2 h4 27. Rf3 hxg3 28. hxg3 Qh8 29. Re5 Rxe5 30. fxe5 Qxe5 31. Qf4 Qxf4 32. gxf4 Re8 33. Kf2 Bc8 34. Re3 Kf8 35. Rxe8+ Kxe8 36. Kf3 a6 37. Nb3 Bd6 38. Bd4 axb5 39. axb5 Bc7 40. Bf6 Bd8 41. Bc3 Bd7 42. Nd4 Bf6 43. Ke3 Be7 44. Ke2 Kd8 45. Bd2 Kc7 46. Bc1 Bc5 47. Nb3 Bxb5 48. Nxc5 bxc5 49. Ba3 Kc6 50. Ke3 d4+ 51. Ke2 Kd5 52. Bc1 Bd7 53. Bd2 Bg4+ 54. Kf2 c4 55. dxc4+ Kxc4 56. Ba5 Kd3 57. Bb4 Be6 58. Ba5 f6 59. Bd8 Kc2 60. Ke1 d3 61. Ba5 g5 62. fxg5 fxg5 63. Bd2 g4 64. Bf4 Bd5 65. Be3 g3 66. Bf4 g2 67. Kf2 d2 0-1

[Event "ISR-chT 08"]
[Site "Israel"]
[Date "2008.04.04"]
[Round "6.5"]
[White "Botvinnik, Mikhail I"]
[Black "Ganor, Dotan"]
[Result "1/2-1/2"]
[WhiteElo "2300"]
[BlackElo "2378"]
[PlyCount "128"]
[EventDate "2007.12.26"]
[EventType "team-tourn"]
[EventRounds "11"]
[EventCountry "ISR"]
[SourceTitle "EXT 2009"]
[Source "ChessBase"]
[SourceDate "2008.11.26"]
[SourceVersion "1"]
[SourceVersionDate "2008.11.26"]
[SourceQuality "1"]
[WhiteTeam "Petah Tikva Hapoel"]
[BlackTeam "Rishon Le Zion Feldklein"]
[WhiteTeamCountry "ISR"]
[BlackTeamCountry "ISR"]

1. d4 Nf6 2. c4 e6 3. g3 d5 4. Nf3 Be7 5. Bg2 0-0 6. Qc2 dxc4 7. Qxc4 a6 8. 0-0 b5 9. Qc2 Bb7 10. Bd2 Nbd7 11. Ba5 Be4 12. Qc1 Rc8 13. Nbd2 Ba8 14. e3 Bd6 15. b4 Qe7 16. a3 Ne4 17. Nb3 Qf6 18. Nfd2 Nxd2 19. Qxd2 Bxg2 20. Kxg2 e5 21. Rac1 exd4 22. exd4 Qf5 23. Qe3 Nb6 24. Bxb6 cxb6 25. Nd2 Rfe8 26. Qf3 Qxf3+ 27. Kxf3 a5 28. Ne4 Bf8 29. Nc3 axb4 30. axb4 Bxb4 31. Nxb5 Kf8 32. Rxc8 Rxc8 33. Rb1 Ba5 34. Rb2 Ke7 35. Ke4 Ke6 36. g4 Rc1 37. d5+ Kd7 38. f4 Rc4+ 39. Kf5 Bb4 40. Ra2 Ba5 41. Rb2 Bb4 42. g5 g6+ 43. Ke5 Bf8 44. f5 gxf5 45. Kxf5 Rc5 46. Ke4 Bg7 47. Rb4 Rc2 48. Ra4 Re2+ 49. Kf3 Re7 50. Ra7+ Kd8 51. Ra8+ Kd7 52. Rb8 Be5 53. Rb7+ Kd8 54. Rxb6 Bxh2 55. Rh6 Be5 56. Rxh7 Rb7 57. Ke4 f5+ 58. Kxe5 Rxh7 59. g6 Rh1 60. g7 Rg1 61. Kf6 Kd7 62. Nd4 Rxg7 63. Kxg7 Kd6 64. Nxf5+ Kxd5 1/2-1/2

[Event "ISR-chT 08"]
[Site "Israel"]
[Date "2008.01.04"]
[Round "2.4"]
[White "Zoler, Dan"]
[Black "Botvinnik, Mikhail I"]
[Result "1-0"]
[WhiteElo "2455"]
[BlackElo "2300"]
[PlyCount "128"]
[EventDate "2007.12.26"]
[EventType "team-tourn"]
[EventRounds "11"]
[EventCountry "ISR"]
[SourceTitle "EXT 2009"]
[Source "ChessBase"]
[SourceDate "2008.11.26"]
[SourceVersion "1"]
[SourceVersionDate "2008.11.26"]
[SourceQuality "1"]
[WhiteTeam "Tel Aviv Shlomo Har Zvi"]
[BlackTeam "Petah Tikva Hapoel"]
[WhiteTeamCountry "ISR"]
[BlackTeamCountry "ISR"]

1. d4 Nf6 2. c4 e6 3. Nf3 b6 4. g3 Ba6 5. Nbd2 Bb4 6. Qc2 Bb7 7. Bg2 Be4 8. Qd1 0-0 9. 0-0 Bxd2 10. Qxd2 d6 11. b3 Nbd7 12. Bb2 Qe7 13. Rfe1 Rad8 14. Qc3 c5 15. Rad1 cxd4 16. Nxd4 Bxg2 17. Kxg2 Nb8 18. e4 a6 19. f3 Qb7 20. Rd2 Rd7 21. Red1 Rfd8 22. Ne2 Ne8 23. Nf4 Nc6 24. g4 Ne5 25. Qe3 Ng6 26. Nh5 b5 27. cxb5 axb5 28. Kf2 e5 29. Ng3 Nc7 30. Nf5 d5 31. exd5 Nxd5 32. Qc5 Ndf4 33. Rxd7 Rxd7 34. Nd6 Qa7 35. Qxa7 Rxa7 36. Nc8 Rc7 37. Rd8+ Nf8 38. Bxe5 Nd3+ 39. Rxd3 Rxc8 40. a4 bxa4 41. bxa4 f6 42. Bd6 Kf7 43. a5 Ra8 44. Bxf8 Kxf8 45. Ra3 Ra6 46. Ke3 Ke7 47. Kd4 Kd6 48. Kc4 Kc6 49. h4 Kb7 50. Kd5 Ka7 51. h5 Ka8 52. Kc5 Ka7 53. Kb5 Re6 54. Rd3 Re7 55. Kc6 Ka6 56. Rd7 Re3 57. Rxg7 Rxf3 58. Rxh7 Rg3 59. Rg7 f5 60. g5 f4 61. h6 f3 62. h7 f2 63. Rf7 Rxg5 64. h8Q Rg6+ 1-0

[Event "Tatranska Lesna op"]
[Site "Tatranska Lesna"]
[Date "2006.06.27"]
[Round "4"]
[White "Vlha, Matej"]
[Black "Botvinnik, Mikhail I"]
[Result "1/2-1/2"]
[WhiteElo "1707"]
[BlackElo "2284"]
[PlyCount "40"]
[EventDate "2006.06.24"]
[EventType "swiss"]
[EventRounds "7"]
[EventCountry "SVK"]
[SourceTitle "EXT 2008"]
[Source "ChessBase"]
[SourceDate "2007.11.25"]
[SourceVersion "1"]
[SourceVersionDate "2007.11.25"]
[SourceQuality "1"]

1. e4 c5 2. Nf3 Nc6 3. d4 cxd4 4. Nxd4 Nf6 5. Nc3 d6 6. Be2 e6 7. Be3 a6 8. f4 d5 9. e5 Nd7 10. 0-0 Bc5 11. Rf3 Nxd4 12. Bxd4 Qb6 13. Bxc5 Qxc5+ 14. Kh1 b5 15. a3 Bb7 16. Rd3 Qc7 17. Rd4 Rd8 18. a4 bxa4 19. Raxa4 Nc5 20. Ra3 Ra8 1/2-1/2